LGBTQIA COMMUNITY AND HUMAN RIGHTS (Record no. 28743)
[ view plain ]
| 000 -LEADER | |
|---|---|
| fixed length control field | 00310nam a22001337a 4500 |
| 003 - CONTROL NUMBER IDENTIFIER | |
| control field | SGT |
| 020 ## - INTERNATIONAL STANDARD BOOK NUMBER | |
| International Standard Book Number | 9781304907349 |
| 082 ## - DEWEY DECIMAL CLASSIFICATION NUMBER | |
| Classification number | 306.768 |
| Item number | ROY |
| 100 ## - MAIN ENTRY--PERSONAL NAME | |
| Personal name | ROY KRISHENDU |
| 245 ## - TITLE STATEMENT | |
| Title | LGBTQIA COMMUNITY AND HUMAN RIGHTS |
| 260 ## - PUBLICATION, DISTRIBUTION, ETC. (IMPRINT) | |
| Place of publication, distribution, etc | LONDON |
| Name of publisher, distributor, etc | INFINITY PUBLICATION |
| Year of Publication | 2023 |
| 300 ## - PAGE DESCRIPTION | |
| No. of Pages | 274 |
| 942 ## - ADDED ENTRY ELEMENTS (KOHA) | |
| Source of classification or shelving scheme | Dewey Decimal Classification |
| Koha item type | Books |
| 942 ## - ADDED ENTRY ELEMENTS (KOHA) | |
| -- | 1 |
| Withdrawn status | Lost status | Source of classification or shelving scheme | Damaged status | Not for loan | Collection code | Home library | Current library | Shelving location | Date acquired | Vendor Name | Cost, normal purchase price | SGTU | Bill Number | Full call number | Accession No. (Barcode) | Date last seen | Bill Date | Koha item type | Total Checkouts | Date last borrowed |
|---|---|---|---|---|---|---|---|---|---|---|---|---|---|---|---|---|---|---|---|---|
| Dewey Decimal Classification | Not For Loan | LAW | SGT Science & Social Sciences Library | SGT Science & Social Sciences Library | Reference Book | 08/01/2025 | FLIPKART | 15.00 | SGTU | 2500968538 | 306.768 ROY | FL3801 | 08/01/2025 | 28/12/2024 | Books | |||||
| Dewey Decimal Classification | LAW | SGT Science & Social Sciences Library | SGT Science & Social Sciences Library | Text Book | 08/01/2025 | FLIPKART | 15.00 | SGTU | 2500968538 | 306.768 ROY | FL3802 | 08/01/2025 | 28/12/2024 | Books | ||||||
| Dewey Decimal Classification | LAW | SGT Science & Social Sciences Library | SGT Science & Social Sciences Library | Text Book | 08/01/2025 | FLIPKART | 15.00 | SGTU | 2500968538 | 306.768 ROY | FL3803 | 08/01/2025 | 28/12/2024 | Books | ||||||
| Dewey Decimal Classification | LAW | SGT Science & Social Sciences Library | SGT Science & Social Sciences Library | Text Book | 08/01/2025 | FLIPKART | 15.00 | SGTU | 2500968538 | 306.768 ROY | FL3804 | 08/01/2025 | 28/12/2024 | Books | ||||||
| Dewey Decimal Classification | LAW | SGT Science & Social Sciences Library | SGT Science & Social Sciences Library | Text Book | 08/01/2025 | FLIPKART | 15.00 | SGTU | 2500968538 | 306.768 ROY | FL3805 | 10/03/2025 | 28/12/2024 | Books | 1 | 09/01/2025 |